[Event "Remote email"]
[Site "Remote email"]
[Date "2014.09.04"]
[Round "?"]
[White "Murdoch, Max"]
[Black "Roos, Bernhard"]
[Result "1-0"]
[WhiteElo "2000"]
[BlackElo "2020"]
[PlyCount "53"]
[EventDate "2014.??.??"]
[EventType "tourn (corr)"]
[EventRounds "6"]
[EventCountry "GER"]
[SourceTitle "Corr 2015"]
[Source "ChessBase"]
[SourceDate "2015.07.17"]
[SourceVersion "1"]
[SourceVersionDate "2015.07.17"]
[SourceQuality "1"]

1. e4 c5 2. c3 e6 3. Nf3 d5 4. e5 a6 5. d4 Bd7 6. Be2 cxd4 7. cxd4 Bb5 8. 0-0 Nc6 9. Bxb5 axb5 10. Nc3 Qb6 11. Ne2 Nge7 12. Ng3 h5 13. h4 Ng6 14. Bg5 Be7 15. Bxe7 Ngxe7 16. Qd3 Ng6 17. Ne2 b4 18. a4 Qc7 19. b3 Qe7 20. g3 Rh6 21. Rac1 f6 22. Qe3 fxe5 23. dxe5 Qf7 24. Ned4 Nxd4 25. Nxd4 Qe7 26. Nb5 Kf8 27. Rc7 1-0

[Event "Remote email"]
[Site "Remote email"]
[Date "2014.05.20"]
[Round "?"]
[White "Vlad, Vlad"]
[Black "Murdoch, Max"]
[Result "0-1"]
[WhiteElo "2000"]
[BlackElo "2000"]
[PlyCount "96"]
[EventDate "2014.??.??"]
[EventType "tourn (corr)"]
[EventRounds "6"]
[EventCountry "GER"]
[SourceTitle "Corr 2015"]
[Source "ChessBase"]
[SourceDate "2015.07.17"]
[SourceVersion "1"]
[SourceVersionDate "2015.07.17"]
[SourceQuality "1"]

1. e4 c5 2. Nf3 d6 3. Nc3 a6 4. a3 Nc6 5. Bd3 Bg4 6. Bc4 Nf6 7. d3 Nd4 8. Rg1 e6 9. h3 Nxf3+ 10. gxf3 Bh5 11. Rg3 b5 12. Bb3 Be7 13. Bg5 h6 14. Be3 Nd7 15. Qe2 Bh4 16. Rxg7 Bg6 17. 0-0-0 Kf8 18. Rxg6 fxg6 19. Bxe6 Nb6 20. Rg1 Qf6 21. Bb3 g5 22. Rg4 h5 23. Rg2 Ke8 24. Bd5 Rb8 25. Qd2 Qxf3 26. Bxg5 Qxg2 27. Bc6+ Nd7 28. Bxh4 Rb6 29. Bd5 Ne5 30. Qe3 Rh7 31. f4 Qf3 32. Qd2 Qxh3 33. fxe5 Qxh4 34. Qg2 Qg4 35. Qf2 Rg7 36. e6 h4 37. Qf6 Qg5+ 38. Qxg5 Rxg5 39. Ne2 h3 40. e5 Rxe5 41. Nf4 Rxd5 42. Nxd5 h2 43. Nxb6 h1Q+ 44. Kd2 Qb7 45. Nd7 Ke7 46. b4 Kxe6 47. Nf8+ Kf6 48. bxc5 dxc5 0-1